书目信息 |
| 题名: |
中亚简史
|
|
| 作者: | Barthold , 伯希和 , Pelliot , 巴尔托里德 著 ;耿世民 译 | |
| 分册: | ||
| 出版信息: | 北京 中华书局 2005 |
|
| 页数: | 228页 | |
| 开本: | 20cm | |
| 丛书名: | 世界汉学论丛 | |
| 单 册: | ||
| 中图分类: | K36 | |
| 科图分类: | ||
| 主题词: | 历史 | |
| 电子资源: | ||
| ISBN: | 7-101-03729-1 | |
| 000 | 01030oam2 2200313 450 | |
| 001 | 010040030429 | |
| 005 | 20061029090729.90 | |
| 010 | @a7-101-03729-1@dCNY18.00 | |
| 100 | @a20060215d2005 em y0chiy0110 ea | |
| 101 | 1 | @achi@crus@cfre |
| 102 | @aCN@b110000 | |
| 105 | @ay z 000yy | |
| 200 | 1 | @a中亚简史@9zhong ya jian shi@e外一种@f(俄)维·维·巴尔扎托里德(V.V.Barthold),(法)伯希和(P.Pelliot)等著@g耿世民译 |
| 210 | @a北京@c中华书局@d2005 | |
| 215 | @a228页@d20cm | |
| 225 | 2 | @a世界汉学论丛 |
| 330 | @a本书简述了中亚各族人民从古代到19世纪的历史,多次涉及我国新疆地区,对我们研究新疆历史有一定的参考价值,并附录《中亚突厥史十二讲》。 | |
| 461 | 0 | @12001 @a世界汉学论丛 |
| 606 | 0 | @a历史 |
| 607 | @a中亚 | |
| 607 | @a中亚@x历史 | |
| 690 | @aK36@v4 | |
| 701 | 1 | @aBarthold@bV.V.@4著 |
| 701 | 1 | @a伯希和@9bo xi he@bP.@4著 |
| 701 | 1 | @aPelliot@bP.@4著 |
| 701 | 1 | @a巴尔托里德@9ba er tuo li de@bV.V.@4著 |
| 702 | 0 | @a耿世民@9geng shi min@4译 |
| 801 | 0 | @aCN@bRENTIAN@c20061029 |
| 905 | @a10447@dK36@e6 | |
| 中亚简史:外一种/(俄)维·维·巴尔扎托里德(V.V.Barthold),(法)伯希和(P.Pelliot)等著/耿世民译.-北京:中华书局,2005 |
| 228页;20cm.-(世界汉学论丛) |
| ISBN 7-101-03729-1:CNY18.00 |
| 本书简述了中亚各族人民从古代到19世纪的历史,多次涉及我国新疆地区,对我们研究新疆历史有一定的参考价值,并附录《中亚突厥史十二讲》。 |
| ● |
| 相关链接 |
|
|
|
|
正题名:中亚简史
索取号:K36/6
 
预约/预借
| 序号 | 登录号 | 条形码 | 馆藏地/架位号 | 状态 | 备注 |
| 1 | 0389207 | 203892074 | 第二样本阅览室/ [索取号:K36/6] | 在馆 | |
| 2 | 0389208 | 203892083 | 第二借阅区/ [索取号:K36/6] | 在馆 | |
| 3 | 0389209 | 203892092 | 第二借阅区/ [索取号:K36/6] | 在馆 |